000
00272nam a2200121Ia 4500
005
20251028132448.0
008
251020t2017||||xx |||||||||||||| ||spa||
041
_a
spa
100
_a
Parra BenÃtez, Jorge
245
0
_a
Derecho de familia
260
_c
2017
942
_C
LB
_c
LB
999
_c
2594
_d
2594